Číslicová simulácia otvoreného hydraulického obvodu

Gespeichert in:
Bibliographische Detailangaben
1. Verfasser: Hubková, Lucia (Verfasst von)
Weitere Verfasser: Prikkel, Karol (Betreuung Doktorarbeit)
Format: Manuskript Buch
Sprache:Slowakisch
Veröffentlicht: 2019
Schlagworte:
Online-Zugang:http://is.stuba.sk/zp/portal_zp.pl?podrobnosti=144715
Tags: Tag hinzufügen
Keine Tags, Fügen Sie das erste Tag hinzu!

MARC

LEADER 00000ntm a22000003a 4500
001 stuzp73500
003 SK-STU
005 20190608211931.0
007 ta
008 150427s2015----xo-----f-mn---000-0-slo-d
040 |a STU  |b slo 
041 0 |a slo 
100 1 |a Hubková, Lucia  |u 020060  |k Z4  |4 aut  |U SjF Strojnícka fakulta  |T SjF Ústav energetických strojov a zariadení  |X 76282  |U J0060  |Y 805  |7 76282 
242 0 1 |a Digital simulation of the open hydraulic circuit  |y eng 
245 1 0 |a Číslicová simulácia otvoreného hydraulického obvodu 
260 |c 2019 
650 4 |a hydraulický obvod  |2 slo 
650 4 |a simulácia  |2 slo 
650 4 |a Matlab  |2 slo 
650 4 |a hydraulic circuit  |2 eng 
650 4 |a simulation  |2 eng 
650 4 |a Matlab  |2 eng 
700 1 |a Prikkel, Karol  |u 020060  |k Z1  |4 ths  |U SjF Strojnícka fakulta  |T SjF Ústav energetických strojov a zariadení  |X 2398  |U J0060  |Y 805  |7 A000002398 
856 4 |u http://is.stuba.sk/zp/portal_zp.pl?podrobnosti=144715 
996 |b 284J046056  |c J* 3166/DDP  |l JJSK  |s A  |a 24  |w stuzp73500_0001